[Event "Fremont Weibel tt"]
[Site "Fremont"]
[Date "2001.11.30"]
[Round "1"]
[White "Lin, Derek"]
[Black "Roy, Ankita"]
[Result "1-0"]
[WhiteElo "909"]
[BlackElo "1171"]
[PlyCount "41"]
[EventDate "2001.11.30"]
[EventType "team"]
[EventRounds "5"]
[EventCountry "USA"]
[SourceTitle "EXT 2009"]
[Source "ChessBase"]
[SourceDate "2008.11.26"]
[SourceVersion "1"]
[SourceVersionDate "2008.11.26"]
[SourceQuality "1"]

1. e4 e5 2. d4 exd4 3. c3 d5 4. exd5 Qxd5 5. cxd4 Nf6 6. Nc3 Bb4 7. Nf3 0-0 8. Be2 Nc6 9. 0-0 Bxc3 10. bxc3 Ne4 11. c4 Qf5 12. Qd3 Qg6 13. d5 Bh3 14. Nh4 Ne5 15. Nxg6 Nxd3 16. Nxf8 Rxf8 17. Bxd3 Bf5 18. f3 Nd6 19. Bxf5 Nxf5 20. Ba3 Re8 21. Rfe1 1-0

[Event "Fremont Weibel Qualifier"]
[Site "Fremont"]
[Date "2001.01.27"]
[Round "1"]
[White "Roy, Ankita"]
[Black "Ni, Jason"]
[Result "0-1"]
[WhiteElo "690"]
[BlackElo "628"]
[PlyCount "30"]
[EventDate "2001.01.27"]
[EventType "swiss"]
[EventRounds "5"]
[EventCountry "USA"]
[SourceTitle "EXT 2009"]
[Source "ChessBase"]
[SourceDate "2008.11.26"]
[SourceVersion "1"]
[SourceVersionDate "2008.11.26"]
[SourceQuality "1"]

1. e4 e5 2. Nf3 Nc6 3. Bc4 Nf6 4. Ng5 Qe7 5. 0-0 d6 6. Nxf7 Rg8 7. Nxd6+ Qxd6 8. Bxg8 Nxg8 9. Nc3 Nf6 10. d3 Bg4 11. Qe1 Nd4 12. Qd2 Qc6 13. Qg5 Nxc2 14. Qxe5+ Be7 15. Rb1 Qd7 0-1